000 00252nam a22001217a 4500
008 190306b xxu||||| |||| 00| 0 eng d
041 _aeng
080 _a617
100 _a8
101 _aORT
245 _aHuman Walking
_cInman,V.T
942 _2udc
_cBK
999 _c54591
_d54591